[Event "GER-ch Youth U18 2020"]
[Site "Willingen"]
[Date "2020.10.22"]
[Round "4.2"]
[White "Richter, Nils"]
[Black "Schmider, Niklas"]
[Result "1/2-1/2"]
[WhiteElo "2290"]
[BlackElo "2291"]
[Annotator "TA"]
[PlyCount "97"]
[EventDate "2020.10.20"]
[EventType "swiss"]
[EventRounds "7"]
[EventCountry "GER"]
[SourceTitle "playchess.com"]
[Source "ChessBase"]
[SourceQuality "1"]

{[%evp 12,97,25,18,42,42,42,43,66,56,104,56,66,26,49,28,45,14,51,58,66,55,67,68,69,66,69,68,65,49,77,58,58,65,63,34,43,13,35,-24,55,-56,-62,-58,-20,-22,-30,-90,-100,-123,-131,-124,-97,-123,-70,-79,-17,-70,-67,-209,-203,-200,0,-168,-175,-144,-154,-176,-179,-179,-170,-168,-150,-377,-215,-237,-210,-225,-142,-129,-125,-111,-120,-107,0,0,0,0]} 1. e4 c5 2. Nf3 d6 3. d4 cxd4 4. Nxd4 Nf6 5. Nc3 a6 6. h3 e6 7. g4 Be7 {B81: Sicilian Scheveningen: Keres Attack.} 8. g5 Nfd7 9. Be3 Nc6 {White is slightly better.} 10. h4 Qc7 {10...Qc7 was played by the boomers.} 11. Qd2 Nde5 {[#]} 12. Rh3 $146 ({Predecessor:} 12. Be2 Na5 13. b3 Nac6 14. f4 Nd7 15. O-O-O b5 16. Bf3 Bb7 17. Nce2 Nc5 18. Ng3 {½-½ (58) Sargaeva,D (1498)-Baisheva,N (1800) Moscow 2020}) 12... O-O 13. O-O-O (13. f4 $5 {[%cal Rf4e5]} Nxd4 14. Qxd4 $11 (14. Bxd4 Nc4 $11)) 13... Nxd4 14. Bxd4 Nc6 15. Be3 b5 16. h5 Qa5 17. Kb1 b4 18. Ne2 e5 19. Rg3 Be6 20. Nc1 Rad8 $1 21. Bg2 Qb5 22. g6 Bh4 23. gxf7+ Bxf7 24. Rg4 Bf6 25. Rh1 (25. h6 $14 g6 26. Bf1) 25... Kh8 (25... a5 $11) 26. Bg5 ({White should play} 26. f4 $1 $14) 26... Be6 $15 27. Rg3 Qb7 28. h6 g6 29. Rf1 (29. Be3 $11 {remains equal.}) 29... Bxg5 $17 30. Rxg5 Bc4 $1 {[%cal Rc4f1]} 31. Rd1 Nd4 32. Rg3 Rc8 (32... a5 $17 33. Qe3 Qb6) 33. Qe3 $15 {Hoping for Rxd4.} Qb6 (33... Qe7 $17) 34. Rd2 (34. Rf3 $11) 34... a5 $36 {[%mdl 2048] [#] White is under pressure.} 35. Nb3 (35. Rf3 $1 $15 {[%mdl 512]}) 35... Bxb3 $1 $19 36. axb3 Ra8 $2 ({Black should try} 36... Qc6 $19 {aiming for ...a4.} 37. c4 Qc5) 37. c3 $2 (37. Rf3 $1 $11 {and White stays safe.}) 37... bxc3 38. bxc3 Qxb3+ 39. Rb2 Qd1+ 40. Qc1 Qxc1+ 41. Kxc1 Ne6 42. Rb6 $2 (42. Rf3 $17) 42... a4 (42... Rxf2 $142 43. Rxd6 Nc5) 43. Rf3 Nf4 44. Bf1 Rfb8 45. Rb4 Kg8 46. Bc4+ {[#]} Kf8 $1 {Threatens to win with ...Rxb4.} 47. Kb2 Ke7 (47... Rc8 $17 48. Be6 Rd8) 48. Bd5 $1 $11 {[%cal Rd5a8]} Nxd5 49. exd5 {Av CentiPawn Loss W=-26/B=-25. Weighted=-32/-30} 1/2-1/2

[Event "GER-ch Youth U18 2020"]
[Site "Willingen"]
[Date "2020.10.22"]
[Round "4.3"]
[White "Roseneck, Jonas"]
[Black "Gutkin, Ilya"]
[Result "1/2-1/2"]
[WhiteElo "2417"]
[BlackElo "2203"]
[Annotator "TA"]
[PlyCount "97"]
[EventDate "2020.10.20"]
[EventType "swiss"]
[EventRounds "7"]
[EventCountry "GER"]
[SourceTitle "playchess.com"]
[Source "ChessBase"]
[SourceQuality "1"]

{[%evp 21,97,56,49,45,47,29,27,33,32,32,46,27,37,-12,4,6,20,-60,26,18,41,18,43,0,0,-5,0,0,9,0,72,28,28,43,38,-53,-53,-53,-55,-55,-22,-42,-19,-86,0,0,19,18,44,28,22,45,35,39,40,0,10,13,10,10,10,0,0,0,0,0,0,0,0,0,0,0,0,0,0,0,0,0]} 1. e4 c5 2. Nf3 Nc6 3. d4 cxd4 4. Nxd4 g6 5. c4 Nf6 6. Nc3 d6 7. f3 Nxd4 8. Qxd4 Bg7 9. Be3 O-O 10. Qd2 Be6 11. Rc1 Qa5 12. b3 {B36: Sicilian: Maroczy Bind: Gurgenidze System.} Rfc8 13. Bd3 a6 14. Ne2 {White has an edge.} Qxd2+ 15. Kxd2 {[#]} a5 $146 ({Predecessor:} 15... Nd7 16. Nf4 Nc5 17. Be2 a5 18. h4 Be5 19. g4 f6 20. g5 f5 21. Nxe6 Nxe6 22. exf5 gxf5 {1-0 (54) Predke,A (2603)-Djukic,N (2556) Sarajevo 2018}) 16. Nd4 Nd7 17. g4 Nc5 18. Be2 Bd7 19. Rb1 (19. h4 $11) 19... Bc6 (19... a4 $1 $15 20. b4 Ne6) 20. h4 $11 e6 21. Rhc1 Re8 22. Ke1 f5 23. Rd1 Rad8 24. Nxc6 bxc6 25. Bf4 d5 (25... Be5 $11 26. Bxe5 dxe5) 26. Bg5 Rd7 {[#] ...fxg4 is the strong threat.} 27. cxd5 exd5 {Threatens to win with ...fxg4.} 28. Rbc1 (28. gxf5 $14 gxf5 29. exd5) 28... fxe4 $15 29. Kf2 exf3 30. Bxf3 Bf8 31. Kg2 Rf7 32. Rc3 (32. Re1 $11 {keeps the balance.} Rxe1 33. Rxe1) 32... Bd6 ({Black should play} 32... Nd7 $17) 33. Rdc1 $11 Ne4 34. Rxc6 {[#] aiming for Bxe4.} Bf4 35. Bxf4 Rxf4 36. Rc8 Kf8 37. Rxe8+ Kxe8 $14 {[%mdl 4096] Endgame KRB-KRN} 38. Rc7 Nd2 {The position is equal.} 39. Bxd5 Rxg4+ 40. Kh3 h5 41. Bg2 Ne4 42. Rc4 Nf2+ 43. Kh2 g5 44. hxg5 Rxg5 45. Bf3 Kd7 46. Rh4 Ng4+ 47. Bxg4+ hxg4 48. Kg3 Kc6 49. Rxg4 {Av CentiPawn Loss W=-13/B=-12. Weighted=-14/-15} 1/2-1/2

[Event "GER-ch Youth U18 2020"]
[Site "Willingen"]
[Date "2020.10.22"]
[Round "4.4"]
[White "Faerber, David"]
[Black "Knuedel, Torben"]
[Result "1-0"]
[WhiteElo "2321"]
[BlackElo "2211"]
[Annotator "TA"]
[PlyCount "153"]
[EventDate "2020.10.20"]
[EventType "swiss"]
[EventRounds "7"]
[EventCountry "GER"]
[SourceTitle "playchess.com"]
[Source "ChessBase"]
[SourceQuality "1"]

{[%evp 22,153,19,17,14,13,11,0,24,19,26,26,28,20,38,35,44,6,22,21,22,28,39,30,44,39,42,0,45,47,60,57,223,228,506,158,244,81,163,152,485,482,446,474,786,480,773,763,1639,1476,7761,7761,6767,7761,6179,5744,5306,5302,1936,1443,1443,1320,581,1297,1132,1441,1335,1272,1679,1679,1656,1656,1442,1624,1587,1587,1539,1506,1500,1461,931,1251,1023,957,6514,2310,2267,2303,2237,2241,29970,29970,29972,29969,29965,0,29971,29971,29970,29970,29975,29976,29976,29974,29974,29975,29976,29976,29976,29977,29977,29978,29978,29978,29978,29974,29982,29983,29983,29984,29984,29985,29986,29982,29987,29988,29988,29989,29989,29990,29990,29991,29991,29992]} 1. e4 e5 2. Nf3 Nc6 3. Bb5 a6 4. Ba4 Nf6 5. O-O Be7 6. Re1 b5 7. Bb3 O-O 8. a4 Bb7 9. d3 d6 10. Bd2 Qd7 11. Nc3 Na5 12. Ba2 c5 {C88: Closed Ruy Lopez: Anti-Marshall Systems.} 13. axb5 axb5 {[#]} 14. Bg5 $146 ({Predecessor:} 14. b4 cxb4 15. Nd5 Nxd5 16. Bxd5 Nc6 17. Rb1 Bd8 18. Rb2 Bb6 19. Nh4 Ne7 20. Bxb7 Qxb7 21. Rxb4 {1-0 (64) Diaz Rosas,J (2365)-Quesada Perez,Y (2582) Merida 2019}) 14... b4 {The position is equal.} 15. Bxf6 Bxf6 16. Nd5 {Nb6 is the strong threat.} Bd8 17. Nd2 Nc6 18. Nc4 {And now Ndb6 would win.} Ra6 19. Nce3 g6 20. Bc4 Rxa1 21. Qxa1 Kg7 22. Ba6 $36 {[%mdl 2048] Black is under pressure.} f5 23. Bxb7 Qxb7 24. f3 fxe4 25. dxe4 Qb5 26. Qd1 Bh4 $2 (26... Qa6 $14) 27. Nc7 $1 $18 {[%csl LRb5,LRd6][%cal Rc7b5]} Qb6 $2 (27... Qb8 {was necessary.}) 28. Ned5 $2 (28. Ne6+ $18 {and White stays clearly on top.} Kf7 29. Qxd6 (29. Nxf8 Bxe1 30. Nxg6 hxg6 $16)) 28... Qa7 (28... Qb8 $16) 29. Rf1 $2 (29. g3 $1 $18 {Black must now prevent Ne6+.} Nd4 30. gxh4) 29... Rc8 (29... Kh8 $16) 30. Ne6+ $1 Kg8 $2 {[#]} (30... Kh8 $16 {is a better chance.}) 31. f4 $1 c4+ 32. Kh1 h5 (32... exf4 $142 33. Qg4 (33. Rxf4 Be7 $16) (33. Nexf4 Ne5 $16) 33... Qd7) 33. f5 Nd4 (33... Qf7 $142 34. Nb6 {[%mdl 64] Discovered Attack} Re8 35. Nxc4 Rxe6 36. fxe6 Qxe6) 34. g3 Bd8 35. Nxd8 Rxd8 36. fxg6 Rf8 37. Rxf8+ Kxf8 38. Qxh5 {[%cal Rh5h8]} Qg7 39. Qg4 {[%cal Rg4c8]} Qh6 40. Qc8+ Kg7 41. Qd7+ Kxg6 42. Qxd6+ {[%mdl 64] Double Attack} Kh7 43. Qxh6+ Kxh6 {[%mdl 4096] Endgame KN-KN} 44. c3 bxc3 45. bxc3 Nf3 46. Ne3 Nd2 47. Ng4+ Kg5 48. Nxe5 Kf6 49. Ng4+ Ke6 50. e5 Kf5 51. h3 Ne4 52. Kg2 Nxc3 53. Ne3+ (53. Kf3 $142 Nb5 54. Ne3+ Kxe5 55. Nxc4+ Kd5 56. Nd2) 53... Kxe5 54. Nxc4+ Kd4 55. Nd2 Nd5 56. Kf3 Ke5 57. Nc4+ Kd4 58. Nd2 Ke5 $1 59. h4 {White mates.} Kf6 60. Nc4 Ne7 61. g4 Ng6 62. Kg3 Ne7 63. Ne3 Ke5 64. h5 Ke4 65. Nc4 Kd5 66. Nd2 Ke5 67. Nf3+ Kf6 68. Kh4 Nc6 69. g5+ Kf5 {[#]} 70. h6 $1 {[%cal Rh6h7]} Kg6 71. Kg4 Ne7 72. Ne5+ Kh7 73. Kh5 Nd5 74. g6+ Kg8 75. Kg5 Ne7 76. Nf7 Kf8 77. h7 {Av CentiPawn Loss W=-11/B=-1. Weighted=-10/71} 1-0

[Event "GER-ch Youth U18 2020"]
[Site "Willingen"]
[Date "2020.10.22"]
[Round "4.4"]
[White "Färber, David"]
[Black "Knüdel, Torben"]
[Result "1-0"]
[WhiteElo "2321"]
[BlackElo "2211"]
[Annotator "TA"]
[PlyCount "153"]
[EventDate "2020.10.20"]
[EventType "swiss"]
[EventRounds "7"]
[EventCountry "GER"]
[SourceTitle "playchess.com"]
[Source "ChessBase"]
[SourceQuality "1"]

{[%evp 22,153,12,27,27,14,17,10,22,22,24,29,27,29,41,43,32,15,24,27,17,16,28,31,39,29,41,6,70,71,66,54,216,209,483,174,291,64,167,159,497,482,444,458,822,473,790,758,2335,2185,29974,29975,29975,29976,29966,6307,6391,5402,1816,1310,1310,1254,1222,1179,1185,1225,1122,1100,2179,2263,2123,2137,2048,1988,1791,1672,1468,1218,1333,994,1158,1176,858,737,5597,2554,29956,843,835,828,29967,29968,29968,29965,5509,0,29966,29963,29965,29965,29974,29975,29976,29973,29975,29974,29973,29975,29979,29977,29975,29978,29978,29979,29976,29973,29982,29983,29983,29984,29984,29985,29984,29983,29983,29984,29988,29989,29989,29990,29990,29991,29991,29992]} 1. e4 e5 2. Nf3 Nc6 3. Bb5 a6 4. Ba4 Nf6 5. O-O Be7 6. Re1 b5 7. Bb3 O-O 8. a4 Bb7 9. d3 d6 10. Bd2 Qd7 11. Nc3 Na5 12. Ba2 c5 {C88: Closed Ruy Lopez: Anti-Marshall Systems.} 13. axb5 axb5 {[#]} 14. Bg5 $146 ({Predecessor:} 14. b4 cxb4 15. Nd5 Nxd5 16. Bxd5 Nc6 17. Rb1 Bd8 18. Rb2 Bb6 19. Nh4 Ne7 20. Bxb7 Qxb7 21. Rxb4 {1-0 (64) Diaz Rosas,J (2365)-Quesada Perez,Y (2582) Merida 2019}) 14... b4 {The position is equal.} 15. Bxf6 Bxf6 16. Nd5 Bd8 17. Nd2 Nc6 18. Nc4 {Strongly threatening Ndb6.} Ra6 19. Nce3 g6 20. Bc4 Rxa1 21. Qxa1 Kg7 22. Ba6 $36 {[%mdl 2048] White fights for an advantage.} f5 23. Bxb7 Qxb7 24. f3 fxe4 (24... Ne7 $11) 25. dxe4 $14 Qb5 26. Qd1 Bh4 $2 ({Black should try} 26... Rf7 $14) 27. Nc7 $1 $18 {[%cal Rc7b5]} Qb6 $2 (27... Qb8) 28. Ned5 $2 (28. Ne6+ Kf7 $18) (28. Qxd6 Rc8 29. Ned5) 28... Qa7 (28... Qb8 $142 29. Ne6+ Kf7) 29. Rf1 $2 ({White must play} 29. g3 $1 $18 {Hoping for Ne6+.} Nd4 30. gxh4 Nxf3+ 31. Kh1 Nxe1 32. Ne6+ {[%mdl 64] Double Attack} (32. Qxe1 Kg8 $11) 32... Kg8 33. Nxf8 (33. Qxe1 Rf7 $11) 33... Nxc2 34. Nxg6 (34. Qxc2 Qf7 $18)) 29... Rc8 (29... Kh8 $14) 30. Ne6+ $1 Kg8 $2 {[#]} (30... Kh8 $16) 31. f4 $1 c4+ 32. Kh1 h5 (32... c3 $142 33. bxc3 exf4) 33. f5 Nd4 (33... Qf7 $142 34. g3 Be7) 34. g3 Bd8 35. Nxd8 Rxd8 36. fxg6 Rf8 37. Rxf8+ Kxf8 38. Qxh5 {[%cal Rh5h8]} Qg7 39. Qg4 {[%cal Rg4c8]} Qh6 40. Qc8+ Kg7 41. Qd7+ Kxg6 42. Qxd6+ {[%mdl 64] Double Attack} Kh7 43. Qxh6+ Kxh6 {[%mdl 4096] Endgame KN-KN} 44. c3 bxc3 45. bxc3 Nf3 46. Ne3 Nd2 47. Ng4+ Kg5 48. Nxe5 Kf6 49. Ng4+ Ke6 50. e5 Kf5 51. h3 Ne4 52. Kg2 Nxc3 53. Ne3+ Kxe5 54. Nxc4+ Kd4 55. Nd2 Nd5 56. Kf3 Ke5 57. Nc4+ Kd4 58. Nd2 (58. Na3 $18 Ke5 59. h4) 58... Ke5 $1 59. h4 {White mates.} Kf6 60. Nc4 Ne7 61. g4 Ng6 62. Kg3 Ne7 63. Ne3 Ke5 64. h5 Ke4 65. Nc4 Kd5 66. Nd2 Ke5 67. Nf3+ Kf6 68. Kh4 Nc6 69. g5+ Kf5 {[#]} 70. h6 $1 {[%cal Rh6h7]} Kg6 71. Kg4 Ne7 72. Ne5+ Kh7 73. Kh5 Nd5 74. g6+ Kg8 75. Kg5 Ne7 76. Nf7 Kf8 77. h7 {Av CentiPawn Loss W=276/B=315. Weighted=61/188} 1-0

[Event "GER-ch Youth U18 2020"]
[Site "Willingen"]
[Date "2020.10.22"]
[Round "4.5"]
[White "Wachinger, Nikolas"]
[Black "Mätzkow, Maximilian Paul"]
[Result "1-0"]
[WhiteElo "2334"]
[BlackElo "2242"]
[Annotator "TA"]
[PlyCount "73"]
[EventDate "2020.10.20"]
[EventType "swiss"]
[EventRounds "7"]
[EventCountry "GER"]
[SourceTitle "playchess.com"]
[Source "ChessBase"]
[SourceQuality "1"]

{[%evp 19,73,62,106,48,124,131,174,129,131,16,149,125,160,182,166,166,170,162,223,221,215,214,210,242,247,233,272,271,267,264,302,219,223,183,374,365,501,150,694,683,833,824,752,739,739,733,704,360,361,356,323,344,380,377,358,344]} 1. c4 e6 2. Nc3 Nf6 3. e4 d5 4. e5 d4 5. exf6 dxc3 6. bxc3 Qxf6 7. Nf3 h6 8. d4 Nd7 9. Bd3 Bd6 10. O-O O-O 11. Qe2 {A18: English Opening: Flohr-Mikenas System (1 c4 Nf6 2 Nc3 e6 3 e4).} (11. c5 $16 Bf4 12. Qe2 Bxc1 13. Raxc1 (13. Rfxc1 Qd8 $16)) 11... Rd8 {[#]} (11... c5 $14) 12. c5 $146 ({Predecessor:} 12. Qe4 Nf8 13. a4 c6 14. a5 a6 15. Ba3 Bxa3 16. Rxa3 Ng6 17. c5 e5 18. Nxe5 Nxe5 19. dxe5 {1-0 (33) Banas,J (2365)-Fabry,R (2202) Slovakia 2003}) 12... Bf8 13. Qe4 {[%csl Gd3][%cal Re4h7] White is clearly better.} g6 14. Bf4 ({White should play} 14. Bc4 $16) 14... c6 (14... Nxc5 $1 $11 {remains equal.} 15. dxc5 Rxd3) 15. h4 Qf5 {[#] With the idea ...Nxc5.} 16. Qe3 $1 Qh5 17. Bc7 Re8 18. Qf4 e5 (18... Bg7 $142 19. Rfe1 Nf6) 19. Nxe5 $18 Nxe5 20. Bxe5 Bg7 21. Bxg7 Kxg7 22. Rfe1 $40 {[%mdl 128] White is out for blood.} Re6 23. Bc4 {And now Qc7 would win.} Rf6 24. Qg3 b6 25. cxb6 axb6 26. Re8 Qf5 $2 (26... Qa5 27. Re5 b5) 27. Rae1 Bb7 28. R8e5 $2 (28. Rxa8 $18 {and White stays clearly on top.} Bxa8 29. Re8) 28... Qc2 $2 {Black cannot hold the game after this.} (28... Qf4 $16 29. Qxf4 Rxf4) 29. Bb3 Qb2 30. R5e2 Qa3 31. Re7 Ba6 {[#]} 32. Qe5 $1 Rf8 33. Re3 Qd6 34. Qxd6 Rxd6 35. Rf3 Rf6 36. Rxf6 Kxf6 37. Rc7 {Av CentiPawn Loss W=-39/B=-56. Weighted=-44/-82} 1-0

[Event "GER-ch Youth U18 2020"]
[Site "Willingen"]
[Date "2020.10.22"]
[Round "4.6"]
[White "Woelk, Tom-Frederic"]
[Black "Richter, Philipp"]
[Result "0-1"]
[WhiteElo "2253"]
[BlackElo "2254"]
[Annotator "TA"]
[PlyCount "140"]
[EventDate "2020.10.20"]
[EventType "swiss"]
[EventRounds "7"]
[EventCountry "GER"]
[SourceTitle "playchess.com"]
[Source "ChessBase"]
[SourceQuality "1"]

{[%evp 9,140,26,56,58,60,63,58,43,45,29,45,41,33,43,39,47,37,35,35,31,42,41,32,37,44,0,0,-10,-12,-5,-14,0,0,0,0,0,0,-23,-8,-11,0,-131,-132,-167,-128,-102,-3,-87,-91,-74,-18,-20,-14,-30,-47,-344,-131,-119,-131,-349,-120,-93,-105,-162,-158,-179,-162,-286,-281,-436,-335,-335,-328,-508,-402,-412,-412,-412,-412,-412,-412,-412,-395,-408,-392,-405,-402,-388,-377,-401,-391,-381,-377,-390,-377,-552,-541,-706,-701,-683,-648,-698,-698,-646,-646,-1293,-1163,-1066,-1045,-6087,-6079,-2695,-1667,-29977,-29979,-29980,-29981,-29983,-29984,-29984,-29980,-29980,-29981,-29981,-29981,-29981,-29982,-29987,-29988,-29989,-29990,-29990,-29991]} 1. d4 Nf6 2. c4 c5 3. d5 b5 4. cxb5 a6 5. bxa6 g6 6. Nc3 {A58: Benko/Volga Gambit: Lines with 5 bxa6.} Bg7 7. e4 O-O 8. a7 {White is slightly better.} Rxa7 9. Nf3 e6 10. Be2 exd5 11. exd5 d6 12. O-O Na6 13. Nb5 Rd7 14. Bc4 Bb7 15. Bg5 Qa8 {[%cal Rb7d5]} 16. Bxf6 Bxf6 {[#]} 17. Qb3 $146 ({Predecessor:} 17. Qd2 Nc7 18. Nxc7 Rxc7 19. Rad1 Ba6 20. Bxa6 Qxa6 21. b3 Ra7 22. Qf4 Bg7 23. a4 {½-½ (90) Wang,A (2392)-Sliwicka,A (2317) chess.com INT 2020}) 17... Nc7 18. Rfd1 Nxb5 $1 19. Bxb5 Re7 20. Rab1 Rb8 21. Qc4 Bc8 22. Qf4 Kg7 23. Bc6 Qxa2 24. Qxd6 Qa7 25. Qf4 (25. Ra1 $11 Qb6 26. Rac1) 25... Rb4 $17 {[%mdl 1024] Black has strong compensation.} 26. Qg3 {White wants to play d6.} Rg4 27. Qd6 Re2 (27... Qb6 $17 28. h3 Rb4) 28. Ra1 (28. h3 $11 {keeps the balance.} Rb4 29. Rd2) 28... Qb6 $1 29. h3 (29. Ra8 $2 Qb3 $1 $19 {[%mdl 512]}) 29... c4 ({Black should try} 29... Bd8 $17 30. Qh2 (30. hxg4 Bc7 $17) 30... Rb4) 30. Rf1 $11 Be7 $40 {[%mdl 128] Black mounts an attack.} 31. Qh2 Rge4 32. Ra8 $2 {[%mdl 8192] [#]} (32. d6 $1 $15) 32... Rxf2 $2 (32... Qxf2+ $3 $19 {[%mdl 512] is more deadly.} 33. Rxf2 Re1+ 34. Rf1 (34. Nxe1 $2 Rxe1+ 35. Rf1 Bc5+ 36. Kh1 Rxf1+ 37. Qg1 Rxg1+ $19) 34... Bc5+ 35. Kh1 Rxf1+ 36. Ng1 Ree1) 33. Rxf2 $17 {Qb8 is the strong threat.} Re2 $1 34. Qg3 $2 (34. Rxc8 $17 {was the only chance.} Qxf2+ 35. Kh1) 34... Bc5 $2 (34... Rxf2 $19 {has better winning chances.} 35. Qe5+ (35. Qxf2 $2 {loses.} Bc5 $19) 35... Bf6) 35. Kh2 Bxf2 36. Qb8 (36. Qf4 $17 Qxb2 37. Rxc8) 36... Qxb8+ $19 37. Rxb8 Bf5 38. d6 {[#]} (38. Rb4 $142) 38... Bc5 $1 {[%cal Rc5d6]} 39. Rd8 (39. Kh1 $142 Bxd6 40. Rd8) 39... Rxb2 40. d7 {And now Rg8+! would win.} Bd6+ 41. Kh1 (41. Kg1 $142 Bg3 42. Kh1 (42. Rg8+ $2 Kh6 $19) 42... Rb1+ 43. Ng1) 41... Rb1+ 42. Ng1 {Threatens to win with Rg8+!} Bc7 43. Rc8 Bb6 44. Rb8 {Black must now prevent Rxb6!} Rxg1+ 45. Kh2 Rd1 {aiming for ...Bc7+.} 46. Rxb6 Bxd7 47. Bxd7 Rxd7 {[%mdl 4096] Endgame KR-KR} 48. Rc6 Rd4 49. Kg1 Rd1+ 50. Kf2 Rc1 51. Ke3 Rc3+ 52. Ke2 (52. Kf2 {was called for.}) 52... h5 53. h4 Rg3 54. Kf2 {[#]} Rg4 $1 {[%cal Rg4h4]} 55. g3 f5 56. Kf3 Kf7 57. Rc7+ Ke6 58. Rc8 Kd5 59. Rd8+ Kc5 60. Rc8+ Kd4 61. Rd8+ Kc3 {Black mates.} 62. Rc8 Kd3 63. Rc6 c3 64. Rd6+ Kc2 65. Rc6 Kb2 66. Rb6+ Kc1 67. Rc6 c2 68. Rb6 Kd2 69. Rd6+ Kc3 70. Rc6+ Rc4 {Av CentiPawn Loss W=-13/B=-32. Weighted=-24/-27} 0-1

[Event "GER-ch Youth U18 2020"]
[Site "Willingen"]
[Date "2020.10.22"]
[Round "4.7"]
[White "Papadopoulos, Ioannis"]
[Black "Stelmaszyk, Nico"]
[Result "0-1"]
[WhiteElo "2186"]
[BlackElo "2301"]
[Annotator "TA"]
[PlyCount "94"]
[EventDate "2020.10.20"]
[EventType "swiss"]
[EventRounds "7"]
[EventCountry "GER"]
[SourceTitle "playchess.com"]
[Source "ChessBase"]
[SourceQuality "1"]

{[%evp 22,94,27,20,30,-47,-41,-45,-54,-45,-16,-23,-20,-19,-18,-16,0,-8,-9,-6,-6,-6,-9,-20,-5,-12,-11,-29,-25,-64,-64,-63,-63,-63,-62,-62,-64,-65,-65,-65,-65,-72,-63,-98,-110,-126,-126,-225,-216,-281,-273,-260,-226,-205,-211,-182,-185,-477,-218,-224,-229,-580,-600,-575,-575,-4596,-3975,-1600,-1493,-1872,-1525,-29970,-29970,-29970,-29968]} 1. e4 c5 2. Nf3 Nc6 3. d4 cxd4 4. Nxd4 g6 5. Nc3 Bg7 6. Be3 Nf6 7. Bc4 Qa5 8. O-O O-O 9. Bb3 d6 10. f3 Bd7 11. Qd2 Rfc8 12. Rad1 Ne5 {B35: Sicilian: Accelerated Dragon with 5 Nc3: main line.} 13. Nd5 ({White should try} 13. Rfe1 $11) 13... Qxd2 $15 14. Rxd2 Nxd5 {Black is slightly better.} 15. Bxd5 Nc4 (15... e6 {seems wilder.} 16. Bb3 b5 17. a3 a5 18. Ne2 Rab8) 16. Bxc4 $1 Rxc4 17. c3 a5 18. Nc2 {[#]} f5 $146 ({Predecessor:} 18... b5 19. a3 f5 20. Bg5 Kf7 21. Ne3 Rc5 22. Nd5 Re8 23. Re1 Be6 24. Be3 Rc6 {½-½ (45) Lederle,V (2030)-Kuenzner,F (2202) Bayern 2006}) 19. exf5 Bxf5 20. Bg5 Bxc2 21. Rxc2 Kf7 22. Re1 e6 23. Rce2 Re8 24. Re4 b5 25. a4 d5 26. Rf4+ Rxf4 27. Bxf4 bxa4 {[%mdl 4096] Endgame KRB-KRB} 28. Ra1 d4 29. cxd4 Bxd4+ 30. Kf1 Bxb2 31. Rxa4 Bc3 32. Ke2 {Black keeps a firm grip on the game.} Bb4 33. Bd2 Rb8 34. Bxb4 (34. Ra2 $17) 34... axb4 $17 {KR-KR} 35. Ra2 Kf6 36. Rb2 Ke5 37. Ke3 Kd5 38. Kd3 e5 39. h4 $2 {[#]} (39. Rd2 {keeps fighting.}) 39... Rb7 (39... b3 $142 40. Kc3 e4 41. fxe4+ Kxe4 42. Re2+ Kf4) 40. Rb3 Kc5 41. Rb1 $2 (41. Kc2 {is tougher.}) 41... b3 $19 {[%cal Bb4b3,Bb3b2][%mdl 32]} 42. Kc3 {[#]} b2 $1 {[%mdl 512]} 43. Kd3 (43. Rxb2 Rxb2) 43... Rb3+ 44. Ke4 Kd6 45. g4 Ke6 46. h5 gxh5 47. gxh5 h6 {Av CentiPawn Loss W=-27/B=-39. Weighted=-89/-39} 0-1

[Event "GER-ch Youth U18 2020"]
[Site "Willingen"]
[Date "2020.10.22"]
[Round "4.8"]
[White "Tschernatsch, Johannes"]
[Black "Burian, Simon"]
[Result "0-1"]
[WhiteElo "2251"]
[BlackElo "2113"]
[Annotator "TA"]
[PlyCount "76"]
[EventDate "2020.10.20"]
[EventType "swiss"]
[EventRounds "7"]
[EventCountry "GER"]
[SourceTitle "playchess.com"]
[Source "ChessBase"]
[SourceQuality "1"]

{[%evp 9,76,0,3,0,27,30,45,18,48,47,63,57,93,91,89,95,148,126,139,0,14,-3,64,0,15,13,18,10,21,12,60,81,295,22,15,10,49,0,0,0,66,60,60,6,14,0,0,0,0,0,0,0,0,0,0,-11,0,-6,0,0,0,-25,0,0,0,0,0,0,0]} 1. e4 c6 2. d4 d5 3. e5 c5 4. dxc5 e6 5. a3 Bxc5 6. Qg4 {B12: Caro-Kann: Advance Variation.} g6 7. Nf3 h5 {[#]} 8. Qf4 $146 {White is slightly better.} ({Predecessor:} 8. Qg3 Nc6 9. Bg5 h4 10. Bxh4 Qb6 11. b4 Nd4 12. bxc5 Nxf3+ 13. Qxf3 Qb2 14. Qf4 {½-½ (54) Pichot,A (2556)-Salgado Lopez,I (2641) Dubai 2017}) 8... Nh6 9. Bd3 Nd7 10. O-O Qc7 11. c4 dxc4 12. Bxc4 Ng4 ({Black should try} 12... a6) 13. Nc3 $16 {Strongly threatening b4.} O-O {[%cal Rd7e5]} 14. Ne4 (14. b4 $16 Be7 15. Nb5) 14... Be7 $11 {[%cal Rd7e5]} 15. Be2 b6 (15... Ndxe5 $11 16. Nxe5 Qxe5) 16. Bd2 (16. Rd1 $14) 16... Ndxe5 17. Rfc1 Nxf3+ 18. Bxf3 Qxf4 19. Bxf4 Ba6 20. h3 $1 f5 $2 {[#]} (20... e5 $16 {keeps fighting.}) 21. Nd2 $2 ({Not} 21. hxg4 hxg4 22. Bg5 gxf3 $11) (21. Ng5 $1 $18) 21... Rad8 $1 {And now ...e5 would win.} 22. hxg4 g5 (22... hxg4 {seems wilder.} 23. Rc7 Bd6 24. Bxd6 Rxd6 25. Rxa7 Bb5) 23. gxf5 {Hoping for Rc7.} ({Don't play} 23. gxh5 gxf4 24. Rc7 Rf7 $15) (23. Be3 $5 {[%cal Rc1c7]} f4 24. Bxb6 axb6 25. Rc7 $14) 23... gxf4 24. Rc7 Rxf5 (24... Bh4 $11 25. Rd1 Rf7 26. Rxf7 Kxf7) 25. Rxe7 $14 {[#] Threatens to win with Ne4.} Rxd2 26. Rxa7 (26. Rc1 $14) 26... Be2 $11 27. Be4 Rf7 $36 {[%mdl 2048] Black has some pressure.} 28. Rxf7 Kxf7 {[%mdl 4096] Endgame KRB-KRB} 29. b4 Rd4 30. f3 b5 31. Kh2 Rd2 32. Kh3 Bc4 33. Bc6 Rd6 34. Be4 Rd2 35. g4 fxg3 36. Kxg3 {The position is equal.} Kf6 37. Bc6 e5 38. Be8 Bd5 {[%mdl 32768] Av CentiPawn Loss W=-21/B=-21. Weighted=-20/-22. Loss on time!?} 0-1